Ekonomika cestovního ruchu

Gespeichert in:
Bibliographische Detailangaben
1. Verfasser: Beránek, Jaromír
Format: Buch
Sprache:Tschechisch
Veröffentlicht: Praha MAG Consulting 2013
Schlagworte:
Tags: Tag hinzufügen
Keine Tags, Fügen Sie das erste Tag hinzu!

MARC

LEADER 00000nam a2200000 4500
001 0222040
005 20240313085733.7
020 |a 978-80-86724-46-1 
041 0 |a cze 
044 |a CZ 
245 1 0 |a Ekonomika cestovního ruchu  |c Jaromír Beránek a kolektiv 
264 1 |a Praha  |b MAG Consulting  |c 2013 
300 |a 295 s. 
610 2 0 |a ruch cestovný 
610 2 0 |a hospodárstvo regionálne 
610 2 0 |a ekonomika regionálna 
610 2 0 |a makroekonomika 
610 2 0 |a príjmy 
610 2 0 |a spotreba 
610 2 0 |a turistika 
610 2 0 |a investície 
610 2 0 |a produkt domáci hrubý 
610 2 0 |a zamestnanosť 
610 2 0 |a doprava 
610 2 0 |a ubytovanie 
610 2 0 |a stravovanie spoločné 
610 2 0 |a kancelárie cestovné 
610 2 0 |a trh 
610 2 0 |a ruch cestovný medzinárodný 
100 1 |a Beránek, Jaromír